|
|
|
|
| LEADER |
00000cam a2200000 7i4500 |
| 001 |
0000021973 |
| 005 |
20080630.0 |
| 040 |
|
|
|a INS
|
| 090 |
0 |
0 |
|a VCD 1404
|
| 245 |
0 |
0 |
|a Kursus Bina Insan :
|b 11 - 13 Disember 1991 :
|b Amanah dan tanggungjawab sebagai asas kecemerlangan
|c oleh Haji Asmungi bin Serin [
|h cakera video]
|
| 260 |
|
|
|a Bangi :
|b Institut Penilaian Negara ,
|c 1991
|
| 300 |
|
|
|a 1 cakera video (166 min.) :
|b bny., wrn. ;
|c 4 3/4 in.
|
| 500 |
|
|
|a Juga terdapat dalam format VHS 358
|
| 500 |
|
|
|a PIC 1: Suai kenal kakitangan INSPEN/Pelajar ITM
|
| 650 |
0 |
0 |
|a Vocation
|
| 710 |
1 |
|
|a Institut Penilaian Negara
|
| 999 |
|
|
|a VCD0001404
|b VIDEO CD
|c Media Collection
|e Default branch
|